00719nam a2200205 450000500170000001000150001702000260003203500140005803700090007208200060008110000380008724500920012525000100021726000340022727000640026130000200032594200260034599900190037195201230039020241028151122.0 aENG-142509 c999.00a9789393734877 aEN-126041 bDBAD aS aSharmirajan, Sridevi K. J.973569 a200 Zen Stories:bCultivating Positivity and Inner Peace/cby Sridevi K. J. Sharmirajan aFirst bExceller BooksaKolkatac2023 aG1, Dream Apartment, Degree College RoadbBelghariae700056 a581p.c22cm(pb) 2ddccENhSmSHAe2023 c206814d206814 001040708FICaBNbBNd2024-10-28eDBADg999.00l0oS SHApEN-126041r2024-10-28 00:00:00t1v999.00w2024-10-28yEN